000 00510nam a2200181Ia 4500
003 OSt
005 20260106151323.0
008 210210b1947 xxu||||| |||| 00| 0 eng d
040 _cAL
041 _aKannada
082 _a859/1432
100 _aRAVINDRANATHA THAKURA
_9101540
_dರವೀಂದ್ರನಾಥ ಠಾಕೂರ.
245 _aKumudini
_bಕುಮುದಿನಿ
260 _aBengaluru
_bNetravati Prakashana
_c1947
690 _aKannada Fiction
_9101541
906 _a022165
942 _2ddc
_cBK
999 _c146271
_d146271